| 000 | 00805nam a2200229 a 4500 | ||
|---|---|---|---|
| 999 |
_c4773 _d4773 |
||
| 005 | 20180822143928.0 | ||
| 008 | 140124b2005 ck ||||| |||| 00| 0 spa d | ||
| 040 |
_cCO-BoIH _aCO-BoIAVH |
||
| 041 | _aspa | ||
| 044 | _ack | ||
| 090 |
_aIAVH _b00406 |
||
| 100 | 1 | _aMontoya Noreña, Juan Manuel | |
| 245 | 1 | 0 | _aEvaluación de parámetros genéticos en poblaciones de Quercus humboldtii bonpl. por medio de marcadores microsatélitales |
| 260 |
_aPalmira: _bInstituto de Investigación de Recursos Biológicos Alexander von Humboldt, _c2005. |
||
| 300 | _a30 páginas | ||
| 700 | 1 | _aPalacio Mejia, Juan Diego | |
| 700 | _aBarrios Leal, Dora Yovana | ||
| 700 | 1 | _a Bock, Brian C. | |
| 700 | 1 | _aToro Murillo, Juan Lázaro | |
| 942 |
_cINFORME _2z _01 |
||
| 945 | _d2005-11-09 | ||